Welcome to CU Library Online Public Access Catalogue (OPAC)

Business ethics (Record no. 8510)

MARC details
000 -LEADER
fixed length control field 00354nam a2200157 4500
005 - DATE AND TIME OF LATEST TRANSACTION
control field 20251209115856.0
008 - FIXED-LENGTH DATA ELEMENTS--GENERAL INFORMATION
fixed length control field CUC23
020 ## - INTERNATIONAL STANDARD BOOK NUMBER
International Standard Book Number 818281032
050 ## - LIBRARY OF CONGRESS CALL NUMBER
Classification number HF 5387 BAD
Item number 1
100 ## - MAIN ENTRY--PERSONAL NAME
Personal name BAD, V RAVINDRANATH
245 ## - TITLE STATEMENT
Title Business ethics
260 ## - PUBLICATION, DISTRIBUTION, ETC.
Place of publication, distribution, etc. Delhi
Name of publisher, distributor, etc. VRinda publications
Date of publication, distribution, etc. 2005
300 ## - PHYSICAL DESCRIPTION
Extent xvi,499p
700 ## - ADDED ENTRY--PERSONAL NAME
Personal name BADI , N. V
942 ## - ADDED ENTRY ELEMENTS (KOHA)
Source of classification or shelving scheme Library of Congress Classification
Koha item type Books
Suppress in OPAC No
999 ## -
-- 8510
-- 8510
Holdings
Withdrawn status Lost status Source of classification or shelving scheme Damaged status Not for loan Collection Home library Current library Shelving location Date acquired Total checkouts Full call number Barcode Date last seen Copy number Price effective from Koha item type Public note
    Library of Congress Classification     Non-fiction Undergraduate Library (Christ Temple) Undergraduate Library (Christ Temple) General stacks 12/09/2025   HF 5387 BAD GSCT00001907 12/09/2025 1 12/09/2025 Books EAQ
    Library of Congress Classification     Non-fiction Undergraduate Library (Christ Temple) Undergraduate Library (Christ Temple) General stacks 12/09/2025   HF 5387 BAD GSCT00001908 12/09/2025 2 12/09/2025 Books EAQ
    Library of Congress Classification     Non-fiction Undergraduate Library (Christ Temple) Undergraduate Library (Christ Temple) General stacks 12/09/2025   HF 5387 BAD GSCT00001909 12/09/2025 3 12/09/2025 Books EAQ
    Library of Congress Classification     Non-fiction Undergraduate Library (Christ Temple) Undergraduate Library (Christ Temple) General stacks 12/09/2025   HF 5387 BAD GSCT00001910 12/09/2025 4 12/09/2025 Books EAQ
    Library of Congress Classification     Non-fiction Undergraduate Library (Christ Temple) Undergraduate Library (Christ Temple) General stacks 12/09/2025   HF 5387 BAD GSCT00001911 12/09/2025 5 12/09/2025 Books EAQ
© 2023-2024 Copyright: Central University Libraries. All Rights Reserved | Created by: Mahone Tech Office